000 00646nam a22001817a 4500
999 _c190472
_d190472
005 20220726145058.0
010 _aENG-133970
020 _a9789383252244
_c625.00
035 _aEN-117502
037 _bDBAD/PUB
082 _a883.08
100 _aSharma, Pritima
245 _aIndira Goswami and V.S. Naipaul:
_bA Comparative Study in Historical Perspectives/
_cPritima Sharma
260 _aGuwahati
_bEBH Publishers (india)
_c2017
270 _bGuwahati
_a136, M.L. Nehru Road, Panbazar
_e781001
_k9207045352
_measternbookhouse@gmail.com
300 _axvi;124p.
_c24cm(hb)
_bIndex, Bibliography
942 _2ddc
_cEN
_h883.08
_mSHA